000 00538cam a2200145 4500500
005 20260111085408.0
041 _afre
042 _adc
100 1 0 _aPassot, Agnès
_eauthor
245 0 0 _aTorgny Lindgren, Fausses nouvelles . Roman traduit du suédois par Lena Grumbach et Catherine Markus. Actes Sud, 2003, 238 pages, 19 €
260 _c2004.
500 _a13
786 0 _nÉtudes | 400 | 2 | 2004-02-01 | p. III-III | 0014-1941
856 4 1 _uhttps://shs.cairn.info/revue-etudes-2004-2-page-III?lang=fr&redirect-ssocas=7080
999 _c1618119
_d1618119